000 00254nam a22001217a 4500
008 170627b xxu||||| |||| 00| 0 eng d
041 _aeng
080 _a93
100 _a21
101 _aSHH
245 _aON BORROWED TIME
_cMOSLEY, L
942 _2udc
_cBK
999 _c19110
_d19110